000
00275nam a22001217a 4500
008
170420b xxu||||| |||| 00| 0 eng d
041
_a
eng
080
_2
6 ED
_a
573
100
_a
11
101
_a
SHM
245
_a
INVESTIGATIONS IN BIOLOGY 2
_c
HODGSON/J
942
_2
udc
_c
BK
999
_c
11376
_d
11376